000 00455nam a2200169Ia 4500
003 GCL
005 20240530103529.0
008 140319s9999 xx 000 0 ara d
040 _aGCL /
_cGCL
082 0 4 _a813.03
_bرم
100 1 _aرمسيس لبيب
245 1 0 _aالايام الخضراء: روايه /
_cرمسيس لبيب
300 _a108 ص
650 0 4 _aالادب العربى
650 0 4 _aالقصص العربية
942 _2ddc
_cBK
999 _c40340
_d40340